000 01037nam a22002897a 4500
003 DO-SdBNP
005 20250128193628.0
007 ta
008 211111b2021 dr a|||| |||| 00| 0 eng d
020 _a9789945098440
040 _aDO-SdBNP
_bspa
_cBNPHU
082 4 _222
100 1 _aEspinal Hernández, Edwin,
_d1971-
_98396
245 1 0 _aTrayectoria de la familia Mallén en República Domincana /
_cEdwin Espinal Hernández ; José F. López Larache
260 _aSanto Domingo :
_bInstituto Dominicano de Genealogía,
_c2021.
300 _a146 p. :
_bil. ;
_c22 cm.
490 1 _aHistoria familiar
_v5
500 _aIncluye datos biográficos del autor en las solapas
500 _aIncluye referencias bibliográficas y notas al pie de las páginas
504 _aBibliografía : p. 109-110
590 _aInventariado, 2021/BT
600 1 0 _aMallén Ortíz, Manuel,
_d1859-1939
_980589
700 1 _4López Larache, José López,
_epról.
830 0 _aHistoria familiar
_n5
_980590
910 _aBtavárez
942 _2ddc
_cLBS1
999 _c50932
_d50932